| 000 | 00698cam a2200193 4500 | ||
|---|---|---|---|
| 001 | J64189 | ||
| 008 | 000000n1987 000 0 eng u | ||
| 035 | _a(Sirsi) u112287 | ||
| 110 |
_aInstitute of Building Control _93341 |
||
| 245 | 4 | _aThe Institute of Building Control 21st. Weekend School 1987 | |
| 260 |
_aEpsom _bIBC _c1987 |
||
| 300 | _a20p. ; 23cm. | ||
| 520 | _aStored in basement. Weekend School held at University of Kent at Canterbury 2nd-4th April 1987- organised by the South Eastern District | ||
| 650 | _aIBC | ||
| 650 | _aINSTITUTE OF BUILDING CONTROL | ||
| 650 | _aPROFESSIONAL ASSOCIATIONS | ||
| 690 | _aMANAGEMENT-BUSINESS MANAGEMENT-PROFESSIONAL PRACTICE | ||
| 942 | _n0 | ||
| 999 |
_c101391 _d101391 |
||